Geography by Picture - E - Statistics

General Stats
  • This quiz has been taken 47,313 times
    47,279 since last reset
  • The average score is 12 of 18
Answer Stats
Picture Hint Answer % Correct
country Egypt
100%
landmark Eiffel Tower
97%
"country" England
91%
European Union
91%
island Easter Island
90%
Equator
90%
building Empire State Building
89%
mountain Everest
81%
European volcano Etna
67%
U.S. national park The Everglades
62%
country where you'd see this Ecuador
59%
lake Erie
57%
city Edinburgh
55%
Estonia
52%
river Euphrates
50%
where sea and river waters mix Estuary
41%
former capital East Berlin
38%
clock tower (proper name) Elizabeth Tower
26%
No matching quizzes found
Score Distribution
Percent of People with Each Score
Percentile by Number Answered
Your Score History
You have not taken this quiz since the last reset